000 00707nam a2200193Ia 4500
001 13055
003 GE_BSU
008 181216s||||||||xx |||||||||||||| ||und||
040 _cGE_BSU
080 _a631(075.32)+58(075.32)+631.4+631.8
245 _aОбщая агрономия с основами ботаники почвоведения и удобрения
245 _cСост.И.М.Бакшеев. С.И.Илыменев. В.И.Исаин
260 _aМосква
260 _bСельхозгиз
260 _c1934
300 _a592стр.21см.
653 _aОбщая агрономия с основами ботаники почвоведения и удобрения
942 _cBK
999 _c46222
_d46222